000 00720nam a2200217 a 4500
001 40998
003 BD-RjUL
005 20211209053318.0
008 160514s1961 b ||||| |||| 00| f ben d
035 _a(BD-RjUL)41114
040 _aBD-RjUL
_bben
_cBD-RjUL
_dBD-RjUL
041 _aben
082 _223
_a891.443
_bSHK 1961
100 _aশংকর
_9126168
245 1 0 _aকত অজানারে /
_cশংকর
260 _aঢাকা :
_bস্টান্ডার্ড পাবলিশার্স,
_c১৯৬১ (১৩৬৮)
300 _a২৪৪ পৃ. ;
_c২৩ সেমি.
650 _aবাংলা উপন্যাস
_9126169
650 _aBengali Fiction
_9126170
942 _2ddc
_cBK
999 _c40998
_d40998